T01 Book-Keeping and Accounts Study Text (Record no. 4687)

MARC details
005 - DATE AND TIME OF LATEST TRANSACTION
control field 20250623161156.0
020 ## - INTERNATIONAL STANDARD BOOK NUMBER
International Standard Book Number 978-9976-078-9
100 ## - MAIN ENTRY--PERSONAL NAME
Author name NBAA
245 ## - TITLE STATEMENT
Title T01 Book-Keeping and Accounts Study Text
260 ## - PUBLICATION, DISTRIBUTION, ETC.
Place of publication, distribution, etc. Dar es Salaam
Name of publisher, distributor, etc. NBAA
Date of publication, distribution, etc. 2014
300 ## - PHYSICAL DESCRIPTION
Extent 310P.: ill; Table
Other physical details Index
Dimensions 29cm
942 ## - ADDED ENTRY ELEMENTS (KOHA)
Source of classification or shelving scheme Dewey Decimal Classification
Koha item type Books
Holdings
Date last seen Total checkouts Full call number Barcode Cost, replacement price Price effective from Koha item type Lost status Source of classification or shelving scheme Damaged status Not for loan Withdrawn status Home library Current library Shelving location Date acquired Source of acquisition Cost, normal purchase price
06/23/2025   657.45 NBA MBY000242 90000.00 06/23/2025 Books   Dewey Decimal Classification       CBE MBEYA CBE MBEYA General Collection 10/02/2018 Purchase 30000.00
06/27/2025   643 NBA MBY000721 90000.00 06/27/2025 Books   Dewey Decimal Classification       CBE MBEYA CBE MBEYA General Collection 10/02/2018 Purchase 30000.00